000 00523nam a2200205Ia 4500
005 20230117105727.0
008 131103s9999 xx 000 0 und d
020 _cRs.25.00
040 _aLoreto College
041 _aEnglish
082 _a954
_bPRA
100 _aPrakash,Buddha
245 _aAspects of Indian history and civilization
_cBuddha Prakash
260 _aAgra
_bShiva Lal Agarwala
_c1965
300 _axiv,389p
504 _aIncludes index
650 _aHistory-India
850 _aLCLIB
942 _cBK
999 _c18904
_d69383